000
00339nam a2200133Ia 4500
008
100328s9999 xx 000 0 und d
082
_b
55001
100
_a
Thomas Vernon
245
_a
Bed Time Stories From India
260
_b
Hemkant
630
_a
Bed Time Stories From India
730
_a
Bed Time Stories From India
942
_c
BOOK
999
_c
541702
_d
541699